000 00874nam a2200229Ia 4500
003 PE SENCICO BE
005 20251020182432.0
008 200515s9999 xx 000 0 und d
020 _a978-84-96431-59-1
040 _aPE SENCICO BE
_cPE SENCICO BE
041 _aspa
082 _a747
_bD72
100 1 _aDodsworth, Simon
_92661
_eautor
245 1 0 _aPrincipios básicos del diseño de interiores /
_cSimon Dodsworth
260 _asin lugar :
_bNerea académica ;
_c2009
300 _a184 p. :
_bil. col., tbl., graf. ;
_c23 cm.
505 0 _aEl proceso de diseño -- Comprender el proyecto -- Comprender el espacio -- Comprender las estructuras -- Organizar el espacio -- La interfaz humana -- Diseño sostenible -- Presentar el diseño.
650 1 0 _aDiseño de interiores
_944
650 2 0 _aDiseño
_9965
650 2 0 _aEspacios interiores
_99
942 _cLIB
_2ddc
999 _c284
_d284